| 000 | 01016nam a2200325 a 4500 | ||
|---|---|---|---|
| 001 | 000110618 | ||
| 003 | CHAP | ||
| 005 | 20220329144141.0 | ||
| 008 | 140918s1968 ag a |r| ||||||spa d | ||
| 010 | _a107080 | ||
| 011 | _a108052 | ||
| 040 | _cCHAP | ||
| 082 | 0 | 4 |
_a581.38 _bH51 |
| 100 | 1 |
_aHennig, W. _9128441 |
|
| 245 | 1 | 0 |
_aElementos de una sistemática filogenética / _cpor W. Hennig. |
| 260 |
_aBuenos Aires : _bUniversidad de Buenos Aires, _cc1968. |
||
| 300 |
_a353 p. : _bil. |
||
| 490 | 1 |
_aManual de Eudeba _pBiología |
|
| 504 | _aIncluye bibliografía e índice | ||
| 534 |
_pTít. original : _tGrundzüge einer theorie der phylogenetischen systematik |
||
| 590 |
_aE11695DGD _b10 _c20140922 _lUCH01 _h1241 |
||
| 590 |
_aE11695DGD _b10 _c20140925 _lUCH01 _h1019 |
||
| 590 |
_aE5995AHE _b05 _c20140918 _lUCH01 _h1125 |
||
| 650 | 1 | 4 |
_aFilología. _940885 |
| 650 | 1 | 4 |
_aGenética _xManuales. _947477 |
| 830 | 0 |
_aManual de Eudeba _pBiología _9128443 |
|
| 901 | _aBK | ||
| 942 | _cLIBRO | ||
| 942 | _n0 | ||
| 999 |
_c107080 _d107080 |
||